00770nam a22002177a 4500001001000000003000900010005001700019007000300036008004100039040002500080082001700105245008800122260006800210300002100278590002800299650006400327910000700391942001400398952012300412999001700535000033685DO-SdBNP20220209134108.0ta110905s1934 dr 000 0 spa d aDO-SdBNPbspacBNPHU a036.1 bA44503aAlmanaque dominicano :cdirijido y editado por Alfredo Rojasbpublicación anual / aSantiago, República Dominicana :bCorazón de Jesús,c1934 a[166] p.c22 cm. aInventariado, 2022 / DG aRepública DominicanaxDiccionarios y enciclopedias981201 aDG 2ddccLBS1 00102ddc51708RVaBNPHUbBNPHUcCTd2022-02-09l0oBNPHU PD RV 036.1 A445p2022-0712r2022-02-09w2022-02-09yLBS1 c51393d51393